حما متہ ا لبشر ی (Record no. 94741)

MARC details
000 -LEADER
fixed length control field 00764nam a22002177a 4500
005 - DATE AND TIME OF LATEST TRANSACTION
control field 20150708160211.0
008 - FIXED-LENGTH DATA ELEMENTS--GENERAL INFORMATION
fixed length control field 140714b xxu||||| |||| 00| 0 Urdu d
010 ## - LCCN (DPL NO)
LC control number UR-9178
020 ## - INTERNATIONAL STANDARD BOOK NUMBER
Terms of availability 200.00
International Standard Book Number 9789383882168
035 ## - SYSTEM CONTROL NUMBER
System control number U-7733
037 ## - SOURCE OF ACQUISITION
Source of stock number/acquisition BPPD/Pub/Ven
040 ## - CATALOGING SOURCE
Original cataloging agency DPL
Language of cataloging Urdu
082 ## - DEWEY DECIMAL CLASSIFICATION NUMBER
Classification number 270
100 ## - MAIN ENTRY--PERSONAL NAME
Personal name مر زا غلا م احمد صا حب قا د يا نی
245 ## - TITLE STATEMENT
Title حما متہ ا لبشر ی
Statement of responsibility, etc مر زا غلا م احمد صا حب قا د يا نی
246 #h - VARYING FORM OF TITLE
Title proper/short title Hamamatul Bushra
Remainder of title By Hadhrat Mirza Ghulam Ahmad
260 ## - PUBLICATION, DISTRIBUTION, ETC. (IMPRINT)
Name of publisher, distributor, etc Nazarat Nasherwa Ashat Sader Anjuman
Date of publication, distribution, etc 2014
Place of publication, distribution, etc Punjab
270 ## - ADDRESS
Address Zila Gurudass Pur,,Punjab,
City Punjab
Telephone number -
Postal code 143516
300 ## - PHYSICAL DESCRIPTION
Extent 373ص
Dimensions 22Cm (Hb)
942 ## - ADDED ENTRY ELEMENTS (KOHA)
Source of classification or shelving scheme Dewey Decimal Classification
Item type Urdu Bks
Edition
Classification part 270
Call number suffix ق ا د
Holdings
Withdrawn status Lost status Source of classification or shelving scheme Damaged status Not for loan Collection code Home library Current library Date acquired Source of acquisition Cost, normal purchase price Total Checkouts Full call number Barcode Date last seen Copy number Cost, replacement price Koha item type
    Dewey Decimal Classification   Not For Loan Non-fiction D.B.Act.Division D.B.Act.Division 08/07/2015 DBAD/Pub. 200.00   270 ق ا د U-7733 08/07/2015 1 200.00 Urdu Bks

© Delhi Public Library
Hit Counter
free hit counter